| 000 | 00445nam a2200181Ia 4500 | ||
|---|---|---|---|
| 005 | 20240607043335.0 | ||
| 008 | 240331s9999 xx 000 0 und d | ||
| 020 | _a9555801052 | ||
| 082 |
_a363.34 _bDEM |
||
| 100 | _aDe Mel,N | ||
| 100 | _aRuwanpura,K. | ||
| 245 | 0 |
_aGendering the Tsunami : _bwomen's experince from Sri Lanka |
|
| 260 |
_aColombo _bICES _c2006 |
||
| 300 | _aviii,55 p., | ||
| 650 | _aWomen | ||
| 650 | _aGender | ||
| 942 | _cL | ||
| 999 |
_c661 _d661 |
||